Countries that have Controlled Sicily - Statistics

General Stats
  • This quiz has been taken 167 times
  • The average score is 9 of 18
Answer Stats
Answer % Correct
Italy
97%
Rome
91%
Two Sicilies
71%
Spain
68%
Byzantine Empire
67%
Sicilian Empire
64%
Roman Empire
62%
Carthage
60%
Sicily
60%
Naples
56%
Aragon
42%
Western Roman Empire
36%
Kingdom of the Vandals
33%
Sardinia
33%
Fatimid Caliphate
15%
Ostrogothic Kingdom
12%
Aghlabids
5%
Zirids
0%
No matching quizzes found
Score Distribution
Percent of People with Each Score
Percentile by Number Answered
Your Score History
You have not taken this quiz